LEADER 00799nam0 2200241 450 001 000009438 005 20190205154437.0 100 $a20080407d1970----km-y0itay50------ba 101 0 $aita 102 $aIT 105 $ay-------001yy 200 1 $aDall'unità alla prima guerra mondiale (1861-1919)$emomenti e problemi dello sviluppo economico italiano$fLuigi De Rosa 210 $aNapoli$cLibreria Pironti$d1970 215 $a358 p.$d23 cm 676 $a940.3$v20 700 1$aDe Rosa,$bLuigi$f<1922- >$0234602 801 0$aIT$bUNIPARTHENOPE$c20080407$gRICA$2UNIMARC 912 $a000009438 951 $a945.09/119$bs.i.$cNAVA4 951 $a940.3/101(1)$b18142$cNAVA4 951 $a940.3/101$b18112$cNAVA4 996 $aDall'unità alla prima guerra mondiale (1861-1919$91204820 997 $aUNIPARTHENOPE